000 00810nam a2200277 a 4500
001 22758
003 SK-KTurca
005 20260423102607.0
008 030312s2002 xo g 000 1 slo c
020 _a8055103895 (viaz.)
035 _aUKB000325500
040 _aBA001
_bslo
_cBA001
_eAACR2
041 1 _aslo
_heng
044 _axo
_cSK
080 _a820(73)-31
100 1 _aGarwood, Julie
245 0 0 _aKráľovský dar
_cJulie Garwoodová ; [z anglického originálu preložila Jana Puškárová]
260 _aBratislava
_bIkar
_c2002
300 _a311, [1] s
650 0 7 _aliteratúra americká
_xromány ľúbostné
650 0 7 _aromány ľúbostné americké
653 _a820(73)-31
700 1 _aPuškárová, Jana
_4trl
765 0 _t<<The>> gift
_aGarwood, Julie
942 _2ddc
_cKLDO
_n0
999 _c22758
_d22758